000 00812cam a2200133 4500500
005 20250921011840.0
041 _afre
042 _adc
100 1 0 _aThayse, André
_eauthor
245 0 0 _aJésus de Nazareth : Libre penseur du judaïsme
260 _bL'Harmattan,
_c2025.
520 _aComme l'avaient été avant lui tous les grands prophètes d'Israël, Jésus de Nazareth a été un libre penseur du judaïsme. Personne unique dans l'histoire de l'humanité, il a invité ses contemporains à une modification radicale de leur comportement : relation nouvelle des hommes et des femmes entre eux et avec Dieu. C'est à cet aspect volontiers contestataire de la personnalité de Jésus de Nazareth que ce texte est consacré.
856 4 1 _uhttps://shs.cairn.info/?lang=&redirect-ssocas=7080
999 _c1509408
_d1509408